| 000 | 00399nam a22001697a 4500 | ||
|---|---|---|---|
| 005 | 20180727154325.0 | ||
| 008 | 160517b xxu||||| |||| 00| 0 eng d | ||
| 020 | _a81-203-0193-2 | ||
| 041 | _aeng | ||
| 082 |
_b2529 _a658.3 |
||
| 100 |
_aEtgioni, Amitai _94651 |
||
| 245 | _aModern Organizations | ||
| 260 |
_aNew Delhi _bPHI, _c2003 |
||
| 300 | _a118p, | ||
| 650 |
_aManagement _9241 |
||
| 942 | _cBK | ||
| 999 |
_c926 _d926 |
||